Statistics for 1M Cities Starting with O

Click here to take the quiz!

General Stats

  • This quiz has been taken 169 times
  • The average score is 8 of 11

Answer Stats

CityCountry% Correct
OsloNorway
97%
OttawaCanada
94%
OsakaJapan
93%
OdessaUkraine
90%
OuagadougouBurkina Faso
86%
OrlandoUnited States
79%
OranAlgeria
76%
OmskRussia
74%
Oklahoma CityUnited States
71%
OkayamaJapan
34%
OnitshaNigeria
27%

Score Distribution

Percentile by Number Answered

Percent of People with Each Score

Your Score History

You have not taken this quiz